000 00312nam a22001457a 4500
008 210301b ||||| |||| 00| 0 eng d
020 _a9780789738042
041 _aeng
080 _22nd
_a004
082 _a004
100 _a28
101 _aSHKI
245 _aComptia Security+
_cBarret, D
942 _2udc
_cBK
999 _c55416
_d55416